| 000 | 00869nam a22002537a 4500 | ||
|---|---|---|---|
| 003 | OSt | ||
| 005 | 20230628133555.0 | ||
| 008 | 221006b |||||||| |||| 00| 0 eng d | ||
| 040 | _cBiblioteca Lado V | ||
| 082 |
_a709.05 _bE61n |
||
| 100 |
_9859 _aEnwezor, Okwui _eeditor |
||
| 245 |
_aNika/ _bJournal Contemporary African Art/ |
||
| 260 |
_aAfrica _bFundación Prince Claus _c1998 |
||
| 300 |
_c23x20.5cm _a72p. |
||
| 366 | _espa | ||
| 490 |
_a9 _v1998 |
||
| 650 |
_2Tesauro de Arte & Arquitectura _aARTE CONTEMPORANEO _9703 |
||
| 650 |
_2Tesauro de Arte & Arquitectura _aAUDIO _9702 |
||
| 650 |
_2Tesauro de Arte & Arquitectura _aMUSICA _9702 |
||
| 650 |
_2Tesauro de Arte & Arquitectura _aHISTORIA |
||
| 650 |
_2Tesauro de Arte & Arquitectura _aMUSEOS |
||
| 651 |
_2Tesauro de Arte & Arquitectura _aAFRICA |
||
| 942 |
_2ddc _c1 _h709.05 _iE61n _n0 |
||
| 999 |
_c3955 _d3955 |
||